Basic electrical engineering (Record no. 7166)

000 -LEADER
fixed length control field 00658nam a2200217 4500
001 - CONTROL NUMBER
control field 7166
003 - CONTROL NUMBER IDENTIFIER
control field BD-DhUET
008 - FIXED-LENGTH DATA ELEMENTS--GENERAL INFORMATION
fixed length control field 740521s1975 nyua 001 0 eng
020 ## - INTERNATIONAL STANDARD BOOK NUMBER
International Standard Book Number 0070211523
040 ## - CATALOGING SOURCE
Original cataloging agency DLC
Transcribing agency DLC
Modifying agency BD-DhUET
082 00 - DEWEY DECIMAL CLASSIFICATION NUMBER
Classification number 623
Item number FIT/1975
100 1# - MAIN ENTRY--PERSONAL NAME
Personal name Fitzgerald, A. E.
245 10 - TITLE STATEMENT
Title Basic electrical engineering
Remainder of title circuits,electronics,machines,control
Statement of responsibility, etc. by A. E. Fitzgerald, David E. Higginbotham and Arvin Grabel
250 ## - EDITION STATEMENT
Edition statement 4th ed.
260 ## - PUBLICATION, DISTRIBUTION, ETC. (IMPRINT)
Place of publication, distribution, etc. New York
Name of publisher, distributor, etc. McGraw-Hill
Date of publication, distribution, etc. 1975
300 ## - PHYSICAL DESCRIPTION
Extent xiv, 817 p.
Other physical details illus.
Dimensions 24 cm.
650 #0 - SUBJECT ADDED ENTRY--TOPICAL TERM
Topical term or geographic name as entry element Electricity : Engineering
700 ## - ADDED ENTRY--PERSONAL NAME
Personal name Higginbotham, David E.
700 ## - ADDED ENTRY--PERSONAL NAME
Personal name Grabel, Arvin
942 ## - ADDED ENTRY ELEMENTS (KOHA)
Koha item type General Book
Holdings
Shelving location Not for loan Koha item type Koha normalized classification for sorting Location (home branch) Koha full call number Koha date last borrowed Sublocation or collection (holding branch) Price effective from Withdrawn status Koha date last seen Koha issues (times borrowed) Date acquired Lost status Source of classification or shelving scheme Piece designation (barcode) Copy number Damaged status
Circulation section General Book623PIT1975Central Library, BUET623/PIT/19752018-07-21Central Library, BUET2014-12-07 2018-08-0412014-12-07  653641 
Circulation section General Book623_000000000000000_PIT_1975Central Library, BUET623/PIT/1975 Central Library, BUET2015-03-12 2015-03-12 2015-03-12  433092 
Circulation section General Book623_000000000000000_PIT_1975Central Library, BUET623/PIT/1975 Central Library, BUET2015-03-12 2015-03-12 2015-03-12  433143 
Circulation section General Book623_000000000000000_PIT_1975Central Library, BUET623/PIT/1975 Central Library, BUET2015-03-12 2015-03-12 2015-03-12  436764 
Circulation section General Book623_000000000000000_PIT_1975Central Library, BUET623/PIT/1975 Central Library, BUET2015-03-12 2015-03-12 2015-03-12  428435 
Circulation section General Book623_000000000000000_FIT_1975Central Library, BUET623/FIT/1975 Central Library, BUET2015-04-16 2015-04-16 2015-04-16  433086 
Circulation section General Book623_000000000000000_FIT_1975Central Library, BUET623/FIT/1975 Central Library, BUET2015-04-18 2015-04-18 2015-04-18  433167 
Circulation section General Book623_000000000000000_FIT_1975Central Library, BUET623/FIT/1975 Central Library, BUET2015-04-21 2015-04-21 2015-04-21  433108 
Circulation section General Book623_000000000000000_FIT_1975Central Library, BUET623/FIT/1975 Central Library, BUET2015-04-21 2015-04-21 2015-04-21  436779 
Circulation section General Book623_000000000000000_FIT_1975Central Library, BUET623/FIT/1975 Central Library, BUET2015-04-21 2015-04-21 2015-04-21  4331310 
Circulation section General Book623_000000000000000_FIT_1975Central Library, BUET623/FIT/1975 Central Library, BUET2015-04-21 2015-04-21 2015-04-21  4330711 
Circulation section General Book623_000000000000000_FIT_1975Central Library, BUET623/FIT/1975 Central Library, BUET2015-04-21 2015-04-21 2015-04-21  5110112 
Reading section Reading Item623_000000000000000_FIT_1975Central Library, BUET623/FIT/1975 Central Library, BUET2015-06-28 2015-06-28 2015-06-28  4284113 
Reading section Reading Item623_000000000000000_FIT_1975Central Library, BUET623/FIT/1975 Central Library, BUET2015-06-28 2015-06-28 2015-06-28  4284014 
Reading section Reading Item623_000000000000000_FIT_1975Central Library, BUET623/FIT/1975 Central Library, BUET2015-06-28 2015-06-28 2015-06-28  4367915